Österreichische Fußballspieler erraten - Statistiken

Allgemein
  • Dieses Quiz wurde 274 mal gespielt
  • Das Durchschnittsergebnis liegt bei 7 aus 11
Antwortstatistiken
Beschreibung Name % Korrekt
dunkelhäutig, Allrounder, der auf mehreren Positionen einsetzbar ist, war von seinem deutschen Stammklub einst an die TSG 1899 Hoffenheim ausgeliehen David Alaba
97%
exzentrische Persönlichkeit, über 1,90 Meter großer Spieler mit hervorragenden technischen Fähigkeiten, Ex-Mitspieler von Mario Balotelli in Italien, suchte vergebens sein Glück in Deutschland, reifte in der Premier League zum Topspieler und Publikumsliebling Marko Arnautovic
84%
gefürchteter Distanzschütze und Spielmacher, Österreichs Fußballer des Jahres 2017, ehemaliger Mannschaftskapitän eines deutschen Klubs, der von einem Unternehmen gesponsort wird, dessen Leitung der reichste Mensch Österreichs inne hat Marcel Sabitzer
69%
Linksfuß mit reichlich Effet im Repertoire, wechselte 2008 vom SV Mattersburg ins Ruhrgebiet, bekannt für seine weiten Einwürfe, gewann gemeinsam mit Jamie Vardy und N´Golo Kante völlig überraschend die Premier League und hatte als Stammkraft ligaübergreifend die höchste Erfolgsquote bei Zweikämpfen Christian Fuchs
65%
immenses Laufpensum: Pferdelunge, Nationalspieler Österreichs, nachdem er bei RB Salzburg mit sehr guten Leistungen auf sich aufmerksam machen konnte, ging es in die höchste Spielklasse Deutschlands zu einem Topklub Konrad Laimer
64%
erster Teil des Nachnamens ident mit einem Wehrbau, den früher Ritter verteidigten, nach drei soliden Spielzeiten beim Schalke 04 folgte ein Formtief inkl. 21 torlosen Partien in der 1. Bundesliga, fand bei einem deutschen Zweitligisten, dessen Markenzeichen ein Totenkopf ist, zurück zu alter Form Guido Burgstaller
62%
Legende des SK Rapid Wien, mittlerweile grau-melierte Haare, trainierte von 2002 bis 2005 die österreichische Nationalmannschaft, neben Yusuf Demir einer von zwei Österreichern, die bis dato für den FC Barcelona spielten, schoss dort in seiner ersten Saison 29 Tore in 30 Ligaspielen Hans Krankl
61%
Einsergoalie der Nationalmannschaft bei der EM 2016, hielt im Vorrundenspiel gegen Portugal und CR7 mit Top-Paraden die Null fest, stand bereits bei Energie Cottbus und Hannover 96 unter Vertrag Robert Almer
48%
Sohn einer Hamburgerin und eines Österreichers, spielte während seiner gesamten Profikarriere ausschließlich in Deutschland, langjähriger Offensivakteur eines Vereins in Baden-Württemberg, erlebte dort seine erfolgreichste Zeit 2011/12 (17 Tore in 34 Ligapartien) Martin Harnik
47%
wuchtiger Innenverteidiger mit einer Körpergröße von ca. 1,94 cm, ehemaliger Teamkollege von Per Mertesacker und eines anderen Österreichers, der vor allem für seine gefährlichen Freistöße bekannt war, spielte auch bei den "Hornets" in England Sebastian Prödl
44%
über zwei Meter groß, Stürmer, absolvierte in der Saison 2006/07 zwei Bundesligaspiele für den FC Bayern München, hatte mit vier Treffern maßgeblichen Anteil daran, dass der MSV Duisburg 2011 das DFB-Pokalfinale erreichen konnte Stefan Maierhofer
33%
Keine übereinstimmenden Quizze gefunden
Verteilung der Resultate
Anzahl Personen mit jedem Resultat
Perzentil nach korrekt beantworteten Fragen
Ihre Resultats-Entwicklung
Sie haben dieses Quiz noch nicht gespielt